<?xml version="1.0" encoding="UTF-8"?>
<record
    xmlns:xsi="http://www.w3.org/2001/XMLSchema-instance"
    xsi:schemaLocation="http://www.loc.gov/MARC21/slim http://www.loc.gov/standards/marcxml/schema/MARC21slim.xsd"
    xmlns="http://www.loc.gov/MARC21/slim">

  <leader>04216nam a22002897a 4500</leader>
  <controlfield tag="005">20230310112942.0</controlfield>
  <controlfield tag="008">220625b           ||||| |||| 00| 0 eng d</controlfield>
  <datafield tag="020" ind1=" " ind2=" ">
    <subfield code="a">9780367460020</subfield>
  </datafield>
  <datafield tag="040" ind1=" " ind2=" ">
    <subfield code="c">Aloy</subfield>
  </datafield>
  <datafield tag="041" ind1=" " ind2=" ">
    <subfield code="a">eng</subfield>
  </datafield>
  <datafield tag="082" ind1=" " ind2=" ">
    <subfield code="2">23</subfield>
    <subfield code="a">158.7</subfield>
    <subfield code="b">BULP</subfield>
  </datafield>
  <datafield tag="100" ind1=" " ind2=" ">
    <subfield code="a">Carrie A Bulger and others</subfield>
    <subfield code="9">74928</subfield>
  </datafield>
  <datafield tag="245" ind1=" " ind2=" ">
    <subfield code="a">Psychology and work today</subfield>
  </datafield>
  <datafield tag="250" ind1=" " ind2=" ">
    <subfield code="a">11</subfield>
  </datafield>
  <datafield tag="260" ind1=" " ind2=" ">
    <subfield code="a">New York</subfield>
    <subfield code="b">Routledge</subfield>
    <subfield code="c">2021</subfield>
  </datafield>
  <datafield tag="300" ind1=" " ind2=" ">
    <subfield code="a">xxv,408p.</subfield>
    <subfield code="b">PB</subfield>
    <subfield code="c">25x20cm.</subfield>
  </datafield>
  <datafield tag="365" ind1=" " ind2=" ">
    <subfield code="2">Psychology</subfield>
    <subfield code="a">1931</subfield>
    <subfield code="b">4019.00</subfield>
    <subfield code="c">&#xA3;49.99</subfield>
    <subfield code="d">5024.00</subfield>
    <subfield code="e">20%</subfield>
    <subfield code="f">20-06-2022</subfield>
  </datafield>
  <datafield tag="520" ind1=" " ind2=" ">
    <subfield code="a">Psychology and Work Today, 11th Edition is an exciting update of a well-loved textbook that introduces industrial and organizational psychology, explaining how industrial-organizational psychologists make work and working better.
This accessible and informative text explains how industrial-organizational psychologists help organizations hire the best people by designing tests and interviews that uncover the skills and abilities of applicants, make work better by removing or reducing safety issues and sources of stress so that personnel are motivated and able to perform to their abilities, and work with managers and leaders to be more effective at leading others. This book also describes how industrial-organizational psychologists work with organizations to embrace diversity in the workforce and celebrate the strengths that employees from many backgrounds bring to organizations. In addition, this text includes how psychologists help organizations to design the physical work environment to best suit employees, while other psychologists help organizations to market their products and services to consumers.
This text covers both the essential and traditional industrial-organizational psychology topic areas such as job analysis, employee selection, and work motivation as well as topic areas that are important in workplaces today such as stress and well-being, human factors, and preparing for jobs of the future. The chapter on consumer psychology remains unique to this textbook. This new edition includes coverage of employable skills desired by hiring managers and executives; the ways the highly publicized replicability crisis has affected the science and practice of industrial-organizational psychology; online and mobile employment testing; diversity and inclusion throughout the workplace, including microaggressions; preparing people and organizations for jobs of the future; incivility and harassment at work, including abusive supervision; safety climate and employee health; and advertising on social media and video games.
Including many illustrative examples of industrial-organizational psychology in real-world workplaces, the 11th Edition is thoroughly updated to include the latest theory, research, and practice on each key topic. Each chapter features defined key terms, a chapter outline, a chapter summary, review questions, annotated additional reading, and engaging Newsbreak sections. The book will be of interest to undergraduate students in introduction industrial-organizational psychology or psychology of work behaviour courses.</subfield>
  </datafield>
  <datafield tag="521" ind1=" " ind2=" ">
    <subfield code="a">Table of Contents
Preface
Part One: The Practice of Industrial-Organizational Psychology
1 Principles, Practices, and Problems
2 Techniques, Tools, and Tactics
Part Two: The Development of Talent
3 Job Analysis and Job Performance
4 Psychological Employment Testing
5 Employee Selection Systems and Decisions
6 Performance Appraisal
7 Training and Development
Part Three: Organizational Psychology
8 Leadership
9 Motivation, Job Satisfaction, and Job Involvement
10 The Organization of the Organization
Part Four: Characteristics of the Workplace
11 Working Conditions
12 Employee Safety and Health Issues
13 Stress in the Workplace
Part Five: Engineering Psychology
14 Engineering Psychology
Part Six: Consumer Psychology
15 Consumer Psychology
Additional References
Index

</subfield>
  </datafield>
  <datafield tag="650" ind1=" " ind2=" ">
    <subfield code="a">Organizational Psychology</subfield>
    <subfield code="9">45249</subfield>
  </datafield>
  <datafield tag="650" ind1=" " ind2=" ">
    <subfield code="a">Engineering Psychology</subfield>
    <subfield code="9">45250</subfield>
  </datafield>
  <datafield tag="650" ind1=" " ind2=" ">
    <subfield code="a">Consumer Psychology</subfield>
    <subfield code="9">45251</subfield>
  </datafield>
  <datafield tag="700" ind1=" " ind2=" ">
    <subfield code="a">BULGER (Carrie A)</subfield>
    <subfield code="9">45252</subfield>
  </datafield>
  <datafield tag="700" ind1=" " ind2=" ">
    <subfield code="a">SCHULTZ (Duane P)</subfield>
    <subfield code="9">45253</subfield>
  </datafield>
  <datafield tag="700" ind1=" " ind2=" ">
    <subfield code="a">SCHULTZ (Sydney Ellen)</subfield>
    <subfield code="9">45254</subfield>
  </datafield>
  <datafield tag="942" ind1=" " ind2=" ">
    <subfield code="2">ddc</subfield>
    <subfield code="c">BK</subfield>
  </datafield>
  <datafield tag="999" ind1=" " ind2=" ">
    <subfield code="c">223485</subfield>
    <subfield code="d">223485</subfield>
  </datafield>
  <datafield tag="952" ind1=" " ind2=" ">
    <subfield code="0">0</subfield>
    <subfield code="1">0</subfield>
    <subfield code="2">ddc</subfield>
    <subfield code="4">0</subfield>
    <subfield code="7">3</subfield>
    <subfield code="8">PSY</subfield>
    <subfield code="a">AL</subfield>
    <subfield code="b">AL</subfield>
    <subfield code="d">2022-06-24</subfield>
    <subfield code="e">Biblios Book Point, Surathkal, Mangalore-575014</subfield>
    <subfield code="g">4019.00</subfield>
    <subfield code="l">0</subfield>
    <subfield code="o">158.7 BULP</subfield>
    <subfield code="p">075925</subfield>
    <subfield code="r">2022-06-25 00:00:00</subfield>
    <subfield code="v">5024.00</subfield>
    <subfield code="w">2022-06-25</subfield>
    <subfield code="y">BK</subfield>
    <subfield code="z"> International student edition</subfield>
  </datafield>
</record>
